Регионална библиотека "Любен Каравелов" - Русе

Софийски разкази (Запис номер 392584)

MARC детайли
000 -Лидер
Лидер 01077nam a2200301 a 4500
003 - Код на организацията, давaща контролен номер
Код на организацията, даваща контролен номер BLK
005 - Дата и час на последна редакция
Дата и час на последна редакция 20250217104343.0
008 - Елементи от данни с фиксирана дължина
Елементи с фиксирана дължина 180408b bul|||||r ||||||| ||bul||
010 ## - Наследен системен номер
LC control number KNG00095013000
020 ## - Международен стандартен номер на книга ISBN
ISBN 9786190206286
040 ## - Източник на каталожния запис
Код на библиотеката BLK
041 ## - Код за език
Език Български
Език за КДБФ Български
080 ## - УДК
УДК текст Българска литература
УДК код 821.163.2
УДК – определител -32
УДК – код + определител 821.163.2-32
100 1# - Редна дума - Автор
Автор Вазов, Иван Минчов
R(LIN) 363396
245 10 - Сведения за заглавието
Заглавие Софийски разкази
Авторска отговорност Иван Минчов Вазов ; състав. и предг. Милена Кирова
257 ## - Страна на издаване
Страна на създаване/издаване България
260 ## - Област на издателските данни
Място на издаване София
Име на издателя Колибри
Година на издаване 2020
9 (RLIN) 209486
Издателство - префикс ISBN 978-619-02- ; 978-619-150- ; 978-954-150- ; 978-954-529-
300 ## - Физическа характеристика
Брой страници 357 с.
Размер 20 см
380 ## - Жанр
Жанр Худож. лит.
504 ## - Забележка за наличие на библиография и др
Библиография 303
700 ## - Други автори (авторска отговорност)
Друг автор Кирова, Милена
Авт. отговорност на др. автор състав.
9 (RLIN) 1478
852 ## - Местоположение
Отдел Заемна - подръчен фонд
Систематично-азбучна сигнатура 821.163.2-32/В 15 И
856 4# - Електронен адрес и достъп
Електронен формат pdf - файл
856 4# - Електронен адрес и достъп
Електронен формат pdf - файл
942 ## - АРТИКУЛИ
Вид на библиотечния документ Книги
Скрит в OPAC Не
Периодичен библиозапис Да
Koha issues (borrowed), all copies 7
944 ## - СЪЗДАВАНЕ И РЕДАКЦИЯ на ЗАПИСА
Създаване/Редакция Редакция
Дата на регистрацията/редакция 2024-07-10
Служител, извършил регистрацията/редакцията 30530
Номер на служител Минев Младен
999 ## - СИСТЕМНИ КОНТРОЛНИ НОМЕРА
Koha biblionumber 392584
Koha biblioitemnumber 392584
Наличности
Код за отписване Код за изгубен артикул Източник на класификационната схема Код за повреда Код за отдаване Артикулен № Име на библиотеката - собственик Име на библиотеката, в която се намира в момента Статус (Текущо местоположение) Дата на вписване в системата Местоположение - отдел Цена в лева Систематично азбучна сигнатура Баркод Цена в евро Служебен тип на артикула Коз за рестрикции Инвентарен номер
  Не е изгубен Universal Decimal Classification Не е повреден заемане за дома 805980 Регионална библиотека "Любен Каравелов" Русе Регионална библиотека "Любен Каравелов" Русе Заемна - подръчен фонд 2021-01-02 Заемна - подръчен фонд 12.00 821.163.2-32/В 15 И 120000850322 6.14 Книги    
  Не е изгубен Universal Decimal Classification Не е повреден ползва се в читалня 945957 Регионална библиотека "Любен Каравелов" Русе Регионална библиотека "Любен Каравелов" Русе Хранилище 2024-07-16 Основен фонд - ползва се само за читалня 16.00 Цб 323882 120000911099 8.18 Книги само за читалня 120000911099
Vip Innovations Ltd, Rousse, Bulgaria 2025